Don't make me think : a common sense approach to Web usability

Αποθηκεύτηκε σε:
Λεπτομέρειες βιβλιογραφικής εγγραφής
Κύριος συγγραφέας: Krug, Steve
Μορφή: Βιβλίο
Γλώσσα:English
Δημοσίευση: Indianapolis, Ind. : Que, c2000
Σειρά:Circle.com library
Θέματα:
Ετικέτες: Προσθήκη ετικέτας
Δεν υπάρχουν, Καταχωρήστε ετικέτα πρώτοι!

MARC

LEADER 00000nam a2200000 i 4500
001 1/45257
008 031125s2000 eng d
020 |a 0-7897-2310-7 
035 |l 10071693 
040 |a GR-MY-UA  |b gre  |e aacr 
041 0 |a eng 
082 0 |a 025.04  |2 (21) 
100 1 |a Krug, Steve. 
245 1 0 |a Don't make me think :  |b a common sense approach to Web usability /  |c Steve Krug 
260 |a Indianapolis, Ind. :   |b Que,   |c c2000 
300 |a ix, 196 σ.;  |b εγχρ. εικ.;  |c 23 εκ. 
490 1 |a Circle.com library 
504 |a Περιέχει βιβλιογραφία και ευρετήριο 
650 0 0 |a Web site development. 
650 0 0 |a Web sites  |x Design. 
830 0 |a Circle.com library 
852 |a INST  |b LESVOS  |e 20031125  |h 025.04 KRU  |p 005100030981  |q 005100030981  |t BK  |y 0 
901 |a BIBL1-2003-3 
909 |a Λ  |b 107029 
922 |a 1ΕΛΗ  |b 200311  |c ΤΑΚ/ΚΥΒ  |d LEADER 
950 |a 023-2003-06-11 
970 |a ΤΖΑΦΕΡΗ  |b ΕΥΑΓΓΕΛΙΑ  |z 2003/11/26